00633nam a2200181Ia 4500008004100000020001800041041000800059082001900067100002300086245003500109260002200144300000900166365001600175700002300191906003900214999001900253952017900272230718s9999 xx 000 0 und d a9781259062957 aeng a621.319'2bSIN aSingh R.R.9170967 aNetwork Analysis And Synthesis c2017bMcGraw Hill a1200 cRs.b475.00 aSingh R.R.9170967 dB:IN142117-Sep-2013cETC b5353.25 c333596d333596 00104070aCCEPbCCEPd2013-10-03ePradeep Book DistributorsfETC g365.75iIN1421l0o621.319'2pCCEP-BK-44803r2023-07-18 00:00:00t5353.25v475.00w2013-09-17yBKz044803